History Quiz

Random History or Quote Quiz

Famous Quotes in History by Women Quiz Stats

 Plays Quiz Updated Feb 22, 2015

Also try: Forty Famous Women
Challenge
Share
Tweet
Embed
Score 0/20 Timer 06:00
4 Plays Today
% Correct
Amelia Earhart
92.1%
Indira Gandhi
90.3%
Joan of Arc
89.4%
Jane Goodall
87.2%
Eleanor Roosevelt
87.1%
Florence Nightingale
86.7%
Anne Frank
86.5%
Marie Curie
85.1%
Hillary Clinton
84.7%
Helen Keller
83.6%
% Correct
Sally Ride
80.6%
Mother Teresa
79.4%
Sandra Day O'Connor
77.6%
Elizabeth I of England
71.5%
Harriet Tubman
71.3%
Margaret Thatcher
62.8%
Harriet Beecher Stowe
59.5%
Catherine II of Russia
58.4%
Maria Montessori
58.1%
Sojourner Truth
56.7%

You're not logged in!

Compare scores with friends on all Sporcle quizzes.
OR
Log In

You Might Also Like...

Show Comments

Extras

Top Quizzes Today


Score Distribution

Your Account Isn't Verified!

In order to create a playlist on Sporcle, you need to verify the email address you used during registration. Go to your Sporcle Settings to finish the process.

Report this User

Report this user for behavior that violates our Community Guidelines.

Details: